Türkiye alternatifsiz değil (Record no. 7735)

MARC details
000 -BAŞLIK
Sabit Uzunlukta Kontrol Alanı 00924na a2200277 4500
001 - KONTROL NUMARASI
Denetim Alanı 20857
003 - KONTROL NUMARASI IDENTIFIER
Denetim Alanı MIRAKIL
005 - SON İŞLEM TARİHİ VE ZAMANI
Denetim Alanı 20181213155147.0
008 - SABİT-BOY VERİ ELEMANLARI - GENEL BİLGİLER
Sabit Uzunlukta Kontrol Alanı 170127b tu 000 0
035 ## - SİSTEM KONTROL NUMARASI
Sistem Kontrol Numarası 20857
040 ## - KATALOGLAMA KAYNAK
Orijinal Kataloglama Ajansı Milas
Kataloglama Dili tur
Metne Dönüştürmek Ajansı TR-AnCHP
041 ## - DİL KODU
Metin / Ses Parça Veya Ayrı Başlığın Dil Kodu tur
082 ## - DEWEY ONLU SINIFLANDIRMA NUMARASI
Sınıflandırma Numarası 324.2372
Ürün Numarası S39t 2004
090 ## - SINIFLAMA NUMARASI
Sınıflama Numarası 324.2372 S39t 2004
100 ## - ANA GİRİŞ - KİŞİSEL İSİM
Kişisel Ad Sezer, Zeki
245 ## - BAŞLIK TABLOSU
Başlık Türkiye alternatifsiz değil
Başlığın Kalan alternatif DSP
Sorumluluk Tablosu, Vb Zeki Sezer
246 ## - UNVAN FORM VARYING
Başlık Doğru / Kısa Başlığı Alternatif DSP
260 ## - YAYIN, DAĞITIM, VB
Yayın, Dağıtım, Vb Yeri Ankara
Yayıncı, Dağıtıcı, Vs Adı DSP
Yayın, Dağıtım, Vb Tarihi 2004
Üretici Firma Ajans-Türk Basın ve Basım
300 ## - FİZİKSEL TANIM
Kapsam 46 s.
Diğer Fiziksel Ayrıntıları res.
Boyutlar 19 sm.
500 ## - GENEL NOT
Genel Not Dış kapakta: DSP 6. Olağan Kurultayı 25 Temmuz 2004
610 ## - KONU KATMA GİRİŞ - TOPLANTI ADI
Giriş Elemanı Olarak Kurumsal Ad Veya Yargı Alanı Adı Demokratik Sol Parti (DSP)
Genel Alt Bölüm Kurultay konuşmaları, 2004
610 ## - KONU KATMA GİRİŞ - TOPLANTI ADI
Giriş Elemanı Olarak Kurumsal Ad Veya Yargı Alanı Adı Demokratik Sol Parti (DSP)
Genel Alt Bölüm Propaganda ve ideolojiler
650 ## - KONU KATMA GİRİŞ - TOPİKAL DÖNEM
Topikal Süreli Veya Coğrafi Ad Giriş Elemanı Siyasal partiler
Genel Alt Bölümü Parti türleri
Kronolojik Alt Bölümü Sosyal demokrat partiler
Coğrafi Alt Bölümü Türkiye
710 ## - KATMA GİRİŞ - KURUMSAL ADI
Giriş Elemanı Olarak Kurumsal Ad Veya Yargı Alanı Adı Demokratik Sol Parti (DSP)
942 ## - EKLENDİ GİRİŞ ELEMANLARI (KOHA)
Sınıflandırma Veya Raf Düzeni Kaynak Dewey Decimal Classification
Koha Öğesi Türü Books
999 ## - SİSTEM KONTROL NUMARALARI (KOHA)
Koha Biblionumber 7735
Koha Biblioitemnumber 7735
Holdings
Kalıcı Konum Mevcut Konum Edinme Tarihi Edinim Kaynak Toplam Check-Out'Lar Tam Çağrı Numarası Barkod Tarih Son Görülme İtibaren Geçerli Fiyatlar Koha Öğesi Türü
CHP Kütüphanesi CHP Kütüphanesi 01/27/2017 Bağış   324.2372 S39t 2004 012692 01/27/2017 01/27/2017 Books